| 000 | 00450nam a2200193Ia 4500 | ||
|---|---|---|---|
| 005 | 20240823013115.0 | ||
| 008 | 240823s9999||||xx |||||||||||||| ||und|| | ||
| 020 | _a3-540-78115-3 | ||
| 041 | _aENGLISH | ||
| 082 | _A621.312 P1 | ||
| 100 | _a"Leonhard,Werner" | ||
| 245 | 0 | _aControl of Electrical Drives | |
| 250 | _a3rd | ||
| 260 |
_c2001 _b"Springer,New" |
||
| 500 | _aYES | ||
| 650 |
_aDrives _bElectrical |
||
| 942 | _cBK | ||
| 999 |
_c166308 _d166308 |
||